Statistics for Highest Rated Players on FIFA Soccer 13

Click here to take the quiz!

General Stats

  • This quiz has been taken 11,913 times
  • The average score is 10 of 15

Answer Stats

League POS. Answer % Correct
La Liga BBVACFLionel Messi (94)
97%
La Liga BBVALWCristiano Ronaldo (92)
96%
La Liga BBVAGKIker Casillas (89)
88%
BundesligaRBPhillip Lahm (87)
84%
BundesligaRMArjen Robben (88)
79%
BundesligaLMFranck Ribéry (90)
77%
La Liga BBVACMXavi (90)
77%
Ligue 1STZlatan Ibrahimovic (88)
77%
Barclays PLCBNemanja Vidic (89)
66%
Barclays PLLBAshley Cole (84)
64%
Barclays PLSTRobin van Persie (88)
59%
Barclays PLCAMDavid Silva (88)
51%
Serie ACDMDaniele De Rossi (86)
39%
La Liga BBVASTFalcao (88)
39%
La Liga BBVARWAlexis Sanchéz (85)
35%

Score Distribution

Percentile by Number Answered

Percent of People with Each Score

Your Score History

You have not taken this quiz